000 01083nam a2200217 a 4500
001 55960
005 20180714051508.0
008 140415s2005 mx 000 0 spa d
020 _a9686815279
041 _aspa
082 _a232.917
_bRAM
245 0 0 _aNUEVE SERMONES GUADALUPANOS (1661-1758)
250 _a1a ed.
260 _aMEXICO :
_bCENTRO DE ESTUDIOS DE HISTORIA DE MEXICO CONDUMEX,
_c2005
300 _a532
_c17.6 x 2.6 x 25.5
500 _aEL AUTOR DADO DE ALTA ES DIRECTOR DEL TEXTO
520 _aEL ACRECENTADOR CRIOLLISMO EN MEXICO SE MUESTRAN MEDIANTE LOS NUEVOS SERMONES GUADALUPANOS (1662-1759), QUE SE IMPRIMEN EN EDICION FACSIMILAR PARA EL ALCANCE DEL PUBLICO. LOS SERMONES VIRREINALES DIFUNDIAN LA INQUIETUDES Y EL PENSAMIENTO DEL MOMENTO; ESTOS DEMUESTRAN LA CONVIVVION DEL CLERO NVOHISPANO DE FORMULAR UNA IDENTIDAD PROPIA AL AMPARO DE UNA ADVOCACION TIPICAMENTE MEXICANA COMO LA GUADALUPANA.
650 1 4 _aMILAGROS
_xVIRGEN
_xVIRGEN
_xCULTO
_xHISTORIA
700 1 _aGARCIA AYLUARDO, CLARA
_etr.
700 1 _aRamos Medina, Manuel,
_ecoaut.
999 _c55960
_d55960